| 000 | 00961nam a22002417a 4500 | ||
|---|---|---|---|
| 001 | 37460 | ||
| 003 | BD-RjUL | ||
| 005 | 20211209052619.0 | ||
| 008 | 150120s1994 si a|||| |||| 00| 0 eng d | ||
| 020 | _a9810217935 | ||
| 035 | _a(BD-RjUL)37564 | ||
| 040 |
_aBD-RjUL _beng _cBD-RjUL _dBD-RjUL |
||
| 041 | _aeng | ||
| 082 |
_a 616.120754 _bELE 1994 |
||
| 245 |
_aElectrocardiology '93 : _bproceedings of the XXth International Congress on Electrocardiology, Kananaskis, Alberta, 26-30 July, 1993 : Satellite Symposium of the XXth International Congress on Electrocardiology, Smolenice Castle, Slovakia, 31 May-4 June, 1993 / _ceditors, P.W. Macfarlane, P. Rautaharju. |
||
| 260 |
_aSingapore ; _aNew Jersey : _bWorld Scientific, _c ©1994. |
||
| 300 |
_axxi, 339 p. : _bill. ; _c23 cm. |
||
| 500 | _aIncludes index. | ||
| 650 |
_aElectrocardiology. _9115031 |
||
| 700 |
_aMacfarlane, P.W. _9115032 |
||
| 700 |
_aRautaharju, P. _9115033 |
||
| 942 |
_2ddc _cBK |
||
| 999 |
_c37460 _d37460 |
||